000 00666nam a2200277Ia 4500
005 20260324153532.0
008 008 260324s9999 xx 000 0 eng d
020 _a9780128197356
037 _aEBOOK
040 _aCRL
040 _beng
040 _cCRL
041 _2eng
041 _aeng
084 _qCRL
100 _aA. S. MD. Haseeb
_91231662
245 0 _aEncyclopedia of Materials: Electronics
250 _a1
260 _bElsevier
260 _c2023
650 _aMaterials Science
856 _uhttps://www.sciencedirect.com/science/referenceworks/9780128197356
942 _cEBOOK
999 _c1843270
_d1843270